Stimmt's? #2 - Statistiken

Allgemein
  • Dieses Quiz wurde 234 mal gespielt
  • Das Durchschnittsergebnis liegt bei 8 aus 10
Antwortstatistiken
Frage Antwort % Korrekt
Der deutsche Bundespräsident muss mindestens 40 Jahre alt sein. Wahr
100%
Guyana ist ein Staat in Afrika. Falsch
92%
An der Ampel ist das rote Licht oben. Wahr
92%
In der Filmreihe "Mission: Impossible" wird die Hauptrolle des Ethan Hunt von Tom Hanks gespielt. Falsch
85%
Barack Obama war von 2009-2017 US-Präsident. Wahr
85%
Bastian Schweinsteiger spielte 2015-2017 für Manchester City. Falsch
77%
Commerzbank ist das bisher letzte Unternehmen, das vom Deutschen Aktienindex (DAX) aufgenommen wurde. Falsch
77%
Chewbacca aus "Star Wars" ist ein Ewok. Falsch
62%
Hochdruckgebiete tragen in diesem Jahr (2026) in Deutschland weibliche Vornamen. Falsch
62%
Die nächsten Olympischen Winterspiele finden in Frankreich statt. Falsch
46%
Keine übereinstimmenden Quizze gefunden
Verteilung der Resultate
Anzahl Personen mit jedem Resultat
Perzentil nach korrekt beantworteten Fragen
Ihre Resultats-Entwicklung
Sie haben dieses Quiz noch nicht gespielt